|
|
|
|
| LEADER |
00000nam0a2200000 4500 |
| 001 |
312863 |
| 005 |
20251210143819.0 |
| 035 |
|
|
|a (RuTPU)RU\TPU\book\338233
|
| 090 |
|
|
|a 312863
|
| 100 |
|
|
|a 20151229d1982 k y0rusy5003 ca
|
| 101 |
0 |
|
|a eng
|
| 102 |
|
|
|a RU
|
| 105 |
|
|
|a y z 000zy
|
| 200 |
1 |
|
|a Геомагнетизм
|e каталог данных. 1957-1980
|f Междуведомственный геофизический комитет
|
| 210 |
|
|
|a Москва
|c Изд-во ВИНИТИ
|d 1982
|
| 215 |
|
|
|a 115 с.
|
| 225 |
1 |
|
|a Материалы мирового центра данных Б
|
| 606 |
|
|
|a Геомагнетизм
|2 stltpush
|3 (RuTPU)RU\TPU\subj\6155
|9 34111
|
| 610 |
1 |
|
|a геомагнитные данные
|
| 610 |
1 |
|
|a обсерватории
|
| 610 |
1 |
|
|a географические координаты
|
| 610 |
1 |
|
|a геомагнитные координаты
|
| 610 |
1 |
|
|a обозначения
|
| 675 |
|
|
|a 550.38
|v 3
|
| 712 |
0 |
2 |
|a Академия наук СССР
|b Междуведомственный геофизический комитет
|c Москва
|c 1961-1992
|9 88871
|
| 801 |
|
0 |
|a RU
|b RuMRKP
|c 19950704
|g psbo
|
| 801 |
|
1 |
|a RU
|b 63413507
|c 20151229
|
| 801 |
|
2 |
|a RU
|b 63413507
|c 20190627
|g RCR
|
| 942 |
|
|
|c BK
|